[Event "Titled Tuesday intern op 11th Apr Early"]
[Site "Chess.com INT"]
[Date "2023.04.11"]
[Round "10"]
[White "Cori Tello, Deysi Estella"]
[Black "Liew, Chee Meng Jimmy"]
[Result "1-0"]
[WhiteElo "2362"]
[BlackElo "2154"]
[PlyCount "117"]
[EventDate "2023.04.11"]
[EventType "swiss (blitz)"]
[EventRounds "11"]
[EventCountry "USA"]
[SourceTitle "CBM 213 Extra"]
[Source "ChessBase"]
[SourceDate "2023.05.31"]
[SourceVersion "1"]
[SourceVersionDate "2023.05.31"]
[SourceQuality "1"]

1. d4 Nf6 2. Nf3 c5 3. e3 cxd4 4. exd4 d5 5. h3 Nc6 6. c3 Bf5 7. Bd3 Bxd3 8. Qxd3 e6 9. 0-0 h6 10. Bf4 Bd6 11. Bxd6 Qxd6 12. Nbd2 0-0 13. a4 a5 14. Rfe1 Nd7 15. Nb3 Rfe8 16. Nfd2 Rad8 17. Re2 e5 18. dxe5 Ndxe5 19. Qg3 d4 20. cxd4 Nxd4 21. Nxd4 Qxd4 22. Rae1 f6 23. Ne4 Kh7 24. Qf4 Qb6 25. Qf5+ Kg8 26. Kh2 Nd7 27. f4 Qc6 28. Ng5 Nf8 29. Ne4 Kh8 30. Qxa5 Ra8 31. Qc3 Rxa4 32. Qxc6 bxc6 33. Nc5 Rxe2 34. Rxe2 Rxf4 35. Re8 Kg8 36. Rxf8+ Kh7 37. Rf7 Rb4 38. Ne6 Kg6 39. g4 Rxb2+ 40. Kg3 Rb3+ 41. Kh4 h5 42. Rxg7+ Kh6 43. Rc7 hxg4 44. hxg4 Rc3 45. Nd4 f5 46. Nxf5+ Kg6 47. Rxc6+ Rxc6 48. Ne7+ Kf6 49. Nxc6 Kg6 50. Ne5+ Kg7 51. Kg5 Kh8 52. Kf6 Kg8 53. g5 Kh8 54. g6 Kg8 55. Nf7 Kf8 56. g7+ Kg8 57. Nh6+ Kh7 58. g8Q+ Kxh6 59. Qg6# 1-0

[Event "Titled Tuesday intern op 11th Apr Early"]
[Site "Chess.com INT"]
[Date "2023.04.11"]
[Round "1"]
[White "Krysa, Leandro Sergio"]
[Black "Liew, Chee Meng Jimmy"]
[Result "0-1"]
[WhiteElo "2541"]
[BlackElo "2154"]
[PlyCount "112"]
[EventDate "2023.04.11"]
[EventType "swiss (blitz)"]
[EventRounds "11"]
[EventCountry "USA"]
[SourceTitle "CBM 213 Extra"]
[Source "ChessBase"]
[SourceDate "2023.05.31"]
[SourceVersion "1"]
[SourceVersionDate "2023.05.31"]
[SourceQuality "1"]

1. e4 e6 2. d4 d5 3. e5 c5 4. c3 Nc6 5. Nf3 Qb6 6. Bd3 cxd4 7. 0-0 Bd7 8. Re1 Nge7 9. h4 dxc3 10. Nxc3 a6 11. h5 Qc7 12. Bf4 h6 13. Rc1 Qd8 14. a3 Nc8 15. b4 Be7 16. Bb1 Nb6 17. Qd3 Rc8 18. b5 axb5 19. Nxb5 Nc4 20. Nd6+ Nxd6 21. exd6 Bf6 22. Qxd5 Kf8 23. Qb3 Rb8 24. Be3 Qa5 25. Bb6 Qxh5 26. Bc7 Rc8 27. Qxb7 Nd8 28. Bxd8 Rxd8 29. Rc7 Ba4 30. Rc8 Qb5 31. Rxd8+ Bxd8 32. Qa8 Qd7 33. Ne5 Qxd6 34. Nxf7 Kxf7 35. Qxa4 Bc7 36. g3 Rd8 37. Qc2 Bb8 38. Qg6+ Kf8 39. Be4 Qd2 40. Rf1 Re8 41. Qh7 Qg5 42. Bg6 Rd8 43. Qh8+ Ke7 44. Qxg7+ Kd6 45. Rd1+ Kc6 46. Rxd8 Qxd8 47. Qc3+ Kb7 48. Be4+ Ka7 49. Qe3+ Qb6 50. Qxh6 Bxg3 51. Qg7+ Bc7 52. Qg4 Qd6 53. Qf3 Bb6 54. Kg2 Qxa3 55. Qf7+ Ka6 56. Qxe6 Qc5 0-1

[Event "Titled Tuesday intern op 11th Apr Early"]
[Site "Chess.com INT"]
[Date "2023.04.11"]
[Round "9"]
[White "Liew, Chee Meng Jimmy"]
[Black "Belozerov, Andrei"]
[Result "0-1"]
[WhiteElo "2154"]
[BlackElo "2461"]
[PlyCount "110"]
[EventDate "2023.04.11"]
[EventType "swiss (blitz)"]
[EventRounds "11"]
[EventCountry "USA"]
[SourceTitle "CBM 213 Extra"]
[Source "ChessBase"]
[SourceDate "2023.05.31"]
[SourceVersion "1"]
[SourceVersionDate "2023.05.31"]
[SourceQuality "1"]

1. d4 d5 2. Nc3 Nf6 3. Bg5 c5 4. Bxf6 gxf6 5. e4 dxe4 6. dxc5 f5 7. Qxd8+ Kxd8 8. 0-0-0+ Bd7 9. Bb5 Rg8 10. g3 a6 11. Bxd7 Nxd7 12. Na4 Kc7 13. Rxd7+ Kxd7 14. Nb6+ Kc6 15. Nxa8 Bh6+ 16. Kb1 Rxa8 17. Ne2 Rd8 18. c3 Kxc5 19. Nd4 e6 20. Rd1 Rd5 21. Kc2 Bg7 22. Nb3+ Kc6 23. Rf1 h5 24. f3 exf3 25. Rxf3 b5 26. h3 Rd7 27. Rf4 Be5 28. Rf3 f6 29. Nd2 Rg7 30. Nf1 a5 31. Kd3 a4 32. a3 Kd5 33. Ke2 Rg8 34. Rd3+ Kc6 35. Kf2 h4 36. gxh4 Rh8 37. Nd2 Rxh4 38. Nf3 Rh5 39. Re3 Kd5 40. Rd3+ Kc5 41. Re3 f4 42. Re2 Kc4 43. h4 Kd5 44. Rd2+ Ke4 45. Re2+ Kf5 46. Rd2 Rh7 47. Rd8 Rg7 48. Rh8 Rg3 49. Rh5+ Ke4 50. Rh8 Rxf3+ 51. Kg2 Rd3 52. h5 f3+ 53. Kf2 Rd2+ 54. Kf1 Bg3 55. Rd8 Rxd8 0-1

[Event "Titled Tuesday intern op 11th Apr Early"]
[Site "Chess.com INT"]
[Date "2023.04.11"]
[Round "5"]
[White "Liew, Chee Meng Jimmy"]
[Black "Melian, Juan Sebastian"]
[Result "1-0"]
[WhiteElo "2154"]
[BlackElo "2314"]
[PlyCount "81"]
[EventDate "2023.04.11"]
[EventType "swiss (blitz)"]
[EventRounds "11"]
[EventCountry "USA"]
[SourceTitle "CBM 213 Extra"]
[Source "ChessBase"]
[SourceDate "2023.05.31"]
[SourceVersion "1"]
[SourceVersionDate "2023.05.31"]
[SourceQuality "1"]

1. d4 Nf6 2. Nc3 d5 3. Bg5 e6 4. e4 dxe4 5. Nxe4 Be7 6. Bxf6 Bxf6 7. Nf3 Bd7 8. Bd3 Bc6 9. c3 0-0 10. Qe2 Nd7 11. 0-0-0 Bxe4 12. Qxe4 g6 13. h4 Bg7 14. Qxb7 Rb8 15. Qe4 Nf6 16. Qe2 Qd5 17. Kb1 Qa5 18. Ka1 c5 19. h5 cxd4 20. Nxd4 Nd5 21. hxg6 Nxc3 22. gxf7+ Rxf7 23. Bxh7+ Kf8 24. Qxe6 Qc5 25. Qe3 Bxd4 26. Qxd4 Qxd4 27. Rxd4 Ne2 28. Rg4 Rbb7 29. Rg8+ Ke7 30. Be4 Rb4 31. f3 Kf6 32. a3 Rc4 33. Bd5 Rfc7 34. Bxc4 Rxc4 35. Re1 Rc2 36. Rf8+ Ke7 37. Ra8 Kf6 38. Rxa7 Nd4 39. Rd7 Ne2 40. Rxe2 Rxe2 41. g4 1-0

[Event "Joytu Sheikh Hasina Online op"]
[Site "Chess.com INT"]
[Date "2020.09.26"]
[Round "8"]
[White "Anata, Choudhury"]
[Black "Liew, Chee Meng Jimmy"]
[Result "1-0"]
[WhiteElo "2119"]
[BlackElo "2176"]
[PlyCount "85"]
[EventDate "2020.09.24"]
[EventType "swiss"]
[EventRounds "9"]
[EventCountry "BAN"]
[SourceTitle "EXT 2022"]
[Source "ChessBase"]
[SourceDate "2021.10.06"]
[SourceVersion "1"]
[SourceVersionDate "2021.10.06"]
[SourceQuality "1"]

1. e4 d6 2. d4 Nf6 3. Nc3 e5 4. Nf3 Nbd7 5. a4 Be7 6. Bc4 c6 7. 0-0 0-0 8. Re1 b6 9. d5 Bb7 10. dxc6 Bxc6 11. Bg5 Rc8 12. Ba6 Rc7 13. a5 bxa5 14. Rxa5 Nc5 15. Bxf6 Bxf6 16. Bc4 Ne6 17. Ra6 Nd4 18. Bd5 Qc8 19. Ra1 Bd7 20. h3 Bxh3 21. gxh3 Qxh3 22. Nh2 Bg5 23. Qd3 Qxd3 24. cxd3 Nc2 25. Nf3 Bf4 26. Bc4 Rb7 27. b3 g6 28. Nd5 Bh6 29. Reb1 Nxa1 30. Rxa1 Kg7 31. d4 exd4 32. Nxd4 Re8 33. f3 f5 34. exf5 Re5 35. Ne6+ Kh8 36. Ra6 gxf5 37. Rxd6 Rb8 38. Nd8 Kg7 39. Rd7+ Kg6 40. Nc6 Re1+ 41. Kf2 Rbe8 42. Nce7+ R8xe7 43. Nxe7+ 1-0

[Event "Joytu Sheikh Hasina Online op"]
[Site "Chess.com INT"]
[Date "2020.09.26"]
[Round "9"]
[White "Liew, Chee Meng Jimmy"]
[Black "Mohammad, Sagar"]
[Result "1-0"]
[WhiteElo "2176"]
[BlackElo "2005"]
[PlyCount "111"]
[EventDate "2020.09.24"]
[EventType "swiss"]
[EventRounds "9"]
[EventCountry "BAN"]
[SourceTitle "EXT 2022"]
[Source "ChessBase"]
[SourceDate "2021.10.06"]
[SourceVersion "1"]
[SourceVersionDate "2021.10.06"]
[SourceQuality "1"]

1. d4 Nf6 2. Nc3 e6 3. e4 d5 4. e5 Nfd7 5. f4 c5 6. Nf3 a6 7. Be3 Nc6 8. Qd2 cxd4 9. Nxd4 Nxd4 10. Bxd4 Bc5 11. Ne2 Bxd4 12. Nxd4 Qb6 13. 0-0-0 Nc5 14. Qe3 Bd7 15. Kb1 Rc8 16. Be2 Na4 17. Qb3 Qxb3 18. axb3 Nc5 19. Bf3 b5 20. f5 Ke7 21. Rhf1 exf5 22. Bxd5 Be6 23. Nxf5+ Bxf5 24. Rxf5 Rhf8 25. g4 Rcd8 26. b4 Ne6 27. Kc1 Rd7 28. Rf2 Rfd8 29. Rfd2 Nc7 30. Bb3 Ne6 31. Rxd7+ Rxd7 32. Rxd7+ Kxd7 33. Kd2 Nd4 34. Ke3 Nc6 35. Ke4 Nxb4 36. c3 Nc6 37. Bxf7 a5 38. Bd5 Ne7 39. Kd4 b4 40. cxb4 axb4 41. Kc5 Ng6 42. e6+ Ke7 43. Kxb4 Nf4 44. Bc4 Ng2 45. Kc5 Ne3 46. h3 Nxc4 47. Kxc4 Kxe6 48. Kc5 Kd7 49. Kd5 Kc7 50. Ke6 h5 51. g5 Kb6 52. Kf7 Kb5 53. Kxg7 Kb4 54. Kh6 Kb3 55. g6 Kxb2 56. g7 1-0

[Event "Joytu Sheikh Hasina Online op"]
[Site "Chess.com INT"]
[Date "2020.09.25"]
[Round "4"]
[White "Liew, Chee Meng Jimmy"]
[Black "Khan, Nazrana"]
[Result "1-0"]
[WhiteElo "2176"]
[BlackElo "1949"]
[PlyCount "25"]
[EventDate "2020.09.24"]
[EventType "swiss"]
[EventRounds "9"]
[EventCountry "BAN"]
[SourceTitle "EXT 2022"]
[Source "ChessBase"]
[SourceDate "2021.10.06"]
[SourceVersion "1"]
[SourceVersionDate "2021.10.06"]
[SourceQuality "1"]

1. d4 d5 2. Nc3 e6 3. e4 dxe4 4. Nxe4 Nf6 5. Bg5 Be7 6. Bxf6 Bxf6 7. Nf3 0-0 8. Qd2 Nc6 9. 0-0-0 Ne7 10. Bd3 Bd7 11. Nxf6+ gxf6 12. Qh6 f5 13. Ng5 1-0

[Event "Joytu Sheikh Hasina Online op"]
[Site "Chess.com INT"]
[Date "2020.09.25"]
[Round "5"]
[White "Wadifa, Ahmed"]
[Black "Liew, Chee Meng Jimmy"]
[Result "1/2-1/2"]
[WhiteElo "1563"]
[BlackElo "2176"]
[PlyCount "104"]
[EventDate "2020.09.24"]
[EventType "swiss"]
[EventRounds "9"]
[EventCountry "BAN"]
[SourceTitle "EXT 2022"]
[Source "ChessBase"]
[SourceDate "2021.10.06"]
[SourceVersion "1"]
[SourceVersionDate "2021.10.06"]
[SourceQuality "1"]

1. e4 d6 2. d4 Nf6 3. Nc3 e5 4. dxe5 dxe5 5. Qxd8+ Kxd8 6. Nf3 Bd6 7. Bg5 Nbd7 8. Bc4 Ke8 9. 0-0-0 a6 10. Nh4 g6 11. f4 h6 12. Bxf6 Nxf6 13. f5 g5 14. Nf3 b5 15. Bb3 Bb7 16. Nd5 Nxe4 17. Rhe1 Nc5 18. Nxe5 Kf8 19. Nxc7 Bxc7 20. Nd7+ Nxd7 21. Rxd7 Bf4+ 22. Kb1 Rh7 23. Rxb7 Re8 24. Rxe8+ Kxe8 25. f6 Bxh2 26. Re7+ Kd8 27. Rxf7 Rxf7 28. Bxf7 Be5 29. Be6 Bxf6 30. g4 Ke7 31. Bf5 Kd6 32. c3 Ke5 33. Kc2 h5 34. Bc8 hxg4 35. Bxa6 g3 36. Bb7 Kf4 37. Kd1 Ke3 38. Ke1 b4 39. cxb4 Bxb2 40. b5 Kd4 41. Kf1 Kc5 42. Bc6 Bd4 43. Kg2 Bf2 44. Bd7 Kb6 45. Bc6 Ka5 46. Bd7 Kb4 47. b6 Bxb6 48. Kxg3 Ka3 49. Be6 Be3 50. Kg4 Bc1 51. Bb3 Bd2 52. Bc4 Bc1 1/2-1/2

[Event "Online Olym Div3 A"]
[Site "Chess.com INT"]
[Date "2020.08.07"]
[Round "3.4"]
[White "Nam, Kanghyeon"]
[Black "Liew, Chee Meng Jimmy"]
[Result "1/2-1/2"]
[WhiteElo "1596"]
[BlackElo "2176"]
[PlyCount "229"]
[EventDate "2020.08.07"]
[EventType "team-tourn (rapid)"]
[EventRounds "9"]
[EventCountry "USA"]
[SourceTitle "CBM 198"]
[Source "ChessBase"]
[SourceDate "2020.10.31"]
[SourceVersion "1"]
[SourceVersionDate "2020.10.31"]
[SourceQuality "1"]
[WhiteTeam "South Korea"]
[BlackTeam "Malaysia"]
[WhiteTeamCountry "KOR"]
[BlackTeamCountry "MAS"]

1. d4 Nf6 2. Nf3 d5 3. e3 e6 4. Bd3 c5 5. c3 Be7 6. Nbd2 0-0 7. 0-0 b6 8. e4 Ba6 9. Bxa6 Nxa6 10. Re1 cxd4 11. Nxd4 dxe4 12. Nxe4 Nxe4 13. Rxe4 Bf6 14. Bf4 Nc5 15. Re1 Qd5 16. Nb5 Rfd8 17. Qxd5 exd5 18. Rad1 Ne6 19. Be5 Be7 20. Nd4 Rac8 21. g3 Bf8 22. Kg2 a6 23. a4 Nc5 24. a5 b5 25. Nf5 Nb3 26. Ne3 Nxa5 27. Nxd5 Nc4 28. Bc7 Rxd5 29. Rxd5 Rxc7 30. Rd8 Nd6 31. Ra8 Rc6 32. Re7 g6 33. Rea7 Nc4 34. Rxa6 Rxa6 35. Rxa6 Nxb2 36. Rb6 Na4 37. Rxb5 Nxc3 38. Rb8 Kg7 39. Kf3 h5 40. Rb3 Nd5 41. Rb5 Nf6 42. h3 Nd7 43. Rd5 Nf6 44. Rb5 Bd6 45. Ra5 Bc7 46. Rc5 Bb6 47. Rb5 Bd4 48. Rb4 Bc3 49. Rc4 Be5 50. Rc5 Bd6 51. Rc6 Be7 52. Rc7 Bd8 53. Rc8 Ba5 54. Rc5 Bb4 55. Rc4 Bf8 56. Ra4 Nh7 57. Ra7 Ng5+ 58. Kg2 Ne4 59. Ra4 Nc5 60. Rc4 Ne6 61. Ra4 Bc5 62. Ra6 Bd4 63. Ra4 Bf6 64. Ra6 Nc5 65. Rc6 Nd3 66. Ra6 Ne1+ 67. Kf1 Nf3 68. Kg2 Ng5 69. Rc6 Bd4 70. Rc4 Ne6 71. Rc6 Kf6 72. Ra6 Be5 73. Ra4 Kg7 74. Re4 Bf6 75. Ra4 Nd4 76. Ra6 Nf5 77. Ra4 g5 78. Ra5 Kg6 79. Ra6 g4 80. hxg4 hxg4 81. Ra7 Nd4 82. Rd7 Nf3 83. Rb7 Bd4 84. Rb4 Kf5 85. Rb5+ Ne5 86. Rd5 Ke4 87. Rd8 f5 88. Re8 Kd3 89. Rf8 Ke4 90. Re8 Bc5 91. Rc8 Bb6 92. Rb8 Bc5 93. Rc8 Bd4 94. Rb8 Nd3 95. Re8+ Kd5 96. Rf8 Ke4 97. Re8+ Be5 98. Rf8 Ne1+ 99. Kf1 Nf3 100. Kg2 Ng5 101. Rg8 Nf3 102. Re8 Kd5 103. Rd8+ Ke6 104. Re8+ Kf7 105. Ra8 Bd4 106. Ra4 Ke6 107. Ra6+ Ke5 108. Ra5+ Ke4 109. Ra8 Ne1+ 110. Kf1 Nd3 111. Re8+ Kd5 112. Rd8+ Ke4 113. Re8+ Kf3 114. Rd8 Ke4 115. Re8+ 1/2-1/2

[Event "Putrajaya op 1st"]
[Site "Putrajaya"]
[Date "2019.01.20"]
[Round "6"]
[White "Liew, Chee Meng Jimmy"]
[Black "Lee, Zhia Chen Zachary"]
[Result "1/2-1/2"]
[WhiteElo "2191"]
[BlackElo "1741"]
[PlyCount "33"]
[EventDate "2019.01.19"]
[EventType "swiss"]
[EventRounds "8"]
[EventCountry "MAS"]
[SourceTitle "CBM 188 Extra"]
[Source "ChessBase"]
[SourceDate "2019.02.26"]
[SourceVersion "1"]
[SourceVersionDate "2019.02.26"]
[SourceQuality "1"]

1. d4 d5 2. Nc3 c6 3. e4 dxe4 4. Nxe4 Bf5 5. Ng3 Bg6 6. Nf3 Nd7 7. h4 h6 8. h5 Bh7 9. Bd3 Bxd3 10. Qxd3 e6 11. Bf4 Qa5+ 12. Bd2 Bb4 13. c3 Be7 14. a3 Ngf6 15. c4 Qc7 16. Bc3 0-0 17. 0-0-0 1/2-1/2

[Event "Olympiad-42"]
[Site "Baku"]
[Date "2016.09.13"]
[Round "11.4"]
[White "Garcia Paolicchi, Raul"]
[Black "Liew, Chee Meng Jimmy"]
[Result "1/2-1/2"]
[WhiteElo "2153"]
[BlackElo "2202"]
[PlyCount "91"]
[EventDate "2016.09.02"]
[EventType "team-swiss"]
[EventRounds "11"]
[EventCountry "AZE"]
[SourceTitle "CBM 175"]
[Source "ChessBase"]
[SourceDate "2016.11.10"]
[SourceVersion "1"]
[SourceVersionDate "2016.11.10"]
[SourceQuality "1"]
[WhiteTeam "Andorra"]
[BlackTeam "Malaysia"]
[WhiteTeamCountry "AND"]
[BlackTeamCountry "MAS"]

1. d4 Nf6 2. Nf3 d5 3. c4 c6 4. e3 a6 5. Qc2 e6 6. b3 Bb4+ 7. Nbd2 0-0 8. Bd3 dxc4 9. bxc4 c5 10. 0-0 cxd4 11. exd4 Nc6 12. Bb2 Be7 13. a3 Bd7 14. Rac1 Rc8 15. Qb1 Na5 16. Ne5 Be8 17. Rfd1 b5 18. c5 g6 19. Ba1 Nd5 20. Ne4 f6 21. Nf3 Nf4 22. Bf1 Bc6 23. Re1 Nc4 24. Ned2 Qd5 25. Qe4 Qxe4 26. Nxe4 Nxa3 27. g3 Nd5 28. Ned2 Kf7 29. Bb2 Nc4 30. Nxc4 bxc4 31. Bxc4 Rb8 32. Ba1 a5 33. Nd2 Rfe8 34. Rb1 Rb4 35. Rxb4 axb4 36. Bb2 Ra8 37. Kf1 Nc7 38. Ke2 Rd8 39. Ra1 Ra8 40. Rxa8 Bxa8 41. Kd3 Bc6 42. Kc2 Ba4+ 43. Bb3 Bb5 44. Bc4 Ba4+ 45. Bb3 Bb5 46. Bc4 1/2-1/2

[Event "Olympiad-42"]
[Site "Baku"]
[Date "2016.09.09"]
[Round "7.4"]
[White "Liew, Chee Meng Jimmy"]
[Black "Giron Chavez, David Emanuel"]
[Result "1-0"]
[WhiteElo "2202"]
[BlackElo "2174"]
[PlyCount "71"]
[EventDate "2016.09.02"]
[EventType "team-swiss"]
[EventRounds "11"]
[EventCountry "AZE"]
[SourceTitle "CBM 175"]
[Source "ChessBase"]
[SourceDate "2016.11.10"]
[SourceVersion "1"]
[SourceVersionDate "2016.11.10"]
[SourceQuality "1"]
[WhiteTeam "Malaysia"]
[BlackTeam "Guatemala"]
[WhiteTeamCountry "MAS"]
[BlackTeamCountry "GUA"]

1. d4 Nf6 2. Bg5 e6 3. e4 h6 4. Bxf6 Qxf6 5. Nf3 d6 6. e5 Qe7 7. Nc3 Nc6 8. Qd2 a6 9. 0-0-0 dxe5 10. dxe5 Qb4 11. a3 Qa5 12. Nd4 Nxd4 13. Qxd4 Be7 14. Ne4 0-0 15. f4 Rd8 16. Qxd8+ Bxd8 17. Rxd8+ Kh7 18. Bd3 f5 19. exf6 gxf6 20. Nd6+ f5 21. Nxc8 h5 22. Rd1 b5 23. Be2 Kh6 24. c3 Qa4 25. R1d4 b4 26. Nb6 Qc6 27. Nxa8 Qxg2 28. Kd2 bxc3+ 29. bxc3 c5 30. R4d7 Qxh2 31. Rh8+ Kg6 32. Rg8+ Kh6 33. Ke3 e5 34. Rh8+ Kg6 35. Bxh5+ Kf6 36. Rh6# 1-0

[Event "Kuala Lumpur op"]
[Site "Kuala Lumpur"]
[Date "2014.04.07"]
[Round "4"]
[White "Low, Zhen Yu Cyrus"]
[Black "Liew, Chee Meng Jimmy"]
[Result "1/2-1/2"]
[WhiteElo "1921"]
[BlackElo "2216"]
[PlyCount "143"]
[EventDate "2014.04.04"]
[EventType "swiss"]
[EventRounds "9"]
[EventCountry "MAS"]
[SourceTitle "EXT 2015"]
[Source "ChessBase"]
[SourceDate "2014.11.20"]
[SourceVersion "1"]
[SourceVersionDate "2014.11.20"]
[SourceQuality "1"]

1. e4 d6 2. d4 Nf6 3. Nc3 e5 4. Nf3 Nbd7 5. Bc4 Be7 6. 0-0 0-0 7. h3 c6 8. a4 h6 9. Be3 Qc7 10. Ba2 b6 11. Nh4 exd4 12. Qxd4 Nc5 13. Rfd1 Be6 14. Bxe6 Nxe6 15. Qc4 Rfe8 16. Nf5 Bf8 17. Re1 Rac8 18. Rad1 d5 19. exd5 cxd5 20. Qh4 Qc4 21. Qg3 Kh7 22. Bc1 d4 23. Nb5 Qxc2 24. Nfd6 Bxd6 25. Nxd6 Qxa4 26. Nxc8 Rxc8 27. Qd3+ Kg8 28. Bxh6 Qc2 29. Qg3 Ne4 30. Qf3 Qxf2+ 31. Qxf2 Nxf2 32. Kxf2 gxh6 33. Re2 a5 34. Kf3 Rc4 35. Red2 Kf8 36. Ke4 Ke7 37. Kd5 Rc5+ 38. Ke4 Kd6 39. Rxd4+ Nxd4 40. Rxd4+ Ke6 41. b4 Re5+ 42. Kf3 axb4 43. Rxb4 b5 44. Rh4 h5 45. Rd4 Rd5 46. Re4+ Kd6 47. Rf4 Ke6 48. Re4+ Re5 49. Rd4 Rc5 50. Re4+ Kd6 51. Rf4 Rc7 52. Rf5 Rb7 53. Ke3 b4 54. Kd2 b3 55. Kc1 Rc7+ 56. Kb2 Rc2+ 57. Kxb3 Rxg2 58. Rxf7 Ke5 59. Kc3 Ke4 60. Rh7 Rg3+ 61. Kd2 Rxh3 62. Ke2 Rh2+ 63. Kf1 Kf3 64. Kg1 Rg2+ 65. Kh1 Rg5 66. Ra7 h4 67. Ra3+ Kg4 68. Kh2 Re5 69. Ra4+ Kg5 70. Rb4 Re2+ 71. Kh3 Re3+ 72. Kh2 1/2-1/2

[Event "Kuala Lumpur op"]
[Site "Kuala Lumpur"]
[Date "2014.04.05"]
[Round "3"]
[White "Liew, Chee Meng Jimmy"]
[Black "Bitoon, Richard"]
[Result "0-1"]
[WhiteElo "2216"]
[BlackElo "2414"]
[PlyCount "62"]
[EventDate "2014.04.04"]
[EventType "swiss"]
[EventRounds "9"]
[EventCountry "MAS"]
[SourceTitle "EXT 2015"]
[Source "ChessBase"]
[SourceDate "2014.11.20"]
[SourceVersion "1"]
[SourceVersionDate "2014.11.20"]
[SourceQuality "1"]

1. d4 Nf6 2. Bg5 c5 3. Bxf6 gxf6 4. d5 Qb6 5. Qc1 e6 6. c4 d6 7. Nc3 Nd7 8. Nf3 f5 9. e3 Nf6 10. Bd3 Bd7 11. Qc2 Rg8 12. g3 Bg7 13. 0-0-0 0-0-0 14. Kb1 Kb8 15. Nh4 Rc8 16. Rd2 Ng4 17. Ka1 Qa5 18. e4 f4 19. h3 Nf6 20. dxe6 Bxe6 21. Be2 fxg3 22. fxg3 Ne8 23. Nd5 Rc6 24. Kb1 Ra6 25. b3 Nf6 26. Bf3 Nd7 27. g4 Ne5 28. Bd1 Nxc4 29. bxc4 Bxd5 30. Rxd5 Rb6+ 31. Kc1 Bh6+ 0-1

[Event "Kuala Lumpur Masters"]
[Site "Kuala Lumpur"]
[Date "2013.06.23"]
[Round "2"]
[White "Lim, Yee Weng"]
[Black "Liew, Chee Meng Jimmy"]
[Result "1/2-1/2"]
[WhiteElo "2309"]
[BlackElo "2263"]
[PlyCount "21"]
[EventDate "2013.06.22"]
[EventType "tourn"]
[EventRounds "9"]
[EventCountry "MAS"]
[SourceTitle "CBM 155 Extra"]
[Source "ChessBase"]
[SourceDate "2013.08.26"]
[SourceVersion "1"]
[SourceVersionDate "2013.08.26"]
[SourceQuality "1"]

1. e4 d6 2. Nc3 Nf6 3. f4 Bg4 4. Be2 Bxe2 5. Qxe2 Nc6 6. Nf3 e6 7. d4 d5 8. exd5 Nxd5 9. Bd2 Nxc3 10. Bxc3 Qd5 11. 0-0 1/2-1/2

[Event "Olympiad-40"]
[Site "Istanbul"]
[Date "2012.09.04"]
[Round "7.3"]
[White "Liew, Chee Meng Jimmy"]
[Black "Klasan, Vladimir"]
[Result "0-1"]
[WhiteElo "2297"]
[BlackElo "2342"]
[PlyCount "64"]
[EventDate "2012.08.28"]
[EventType "team-swiss"]
[EventRounds "11"]
[EventCountry "TUR"]
[SourceTitle "CBM 151"]
[Source "ChessBase"]
[SourceDate "2012.11.13"]
[SourceVersion "1"]
[SourceVersionDate "2012.11.13"]
[SourceQuality "1"]
[WhiteTeam "Malaysia"]
[BlackTeam "ICSC"]
[WhiteTeamCountry "MAS"]

1. d4 c5 2. d5 Nf6 3. c4 e6 4. Nc3 exd5 5. cxd5 d6 6. e4 g6 7. Nf3 a6 8. a4 Bg4 9. Be2 Bxf3 10. Bxf3 Nbd7 11. 0-0 Bg7 12. Bg5 0-0 13. Re1 Re8 14. Qc2 Qc7 15. Be2 Rab8 16. Bh4 c4 17. a5 b5 18. axb6 Rxb6 19. Ra2 Reb8 20. h3 Rb4 21. Bg3 Nc5 22. e5 dxe5 23. Bxc4 Rxc4 24. Bxe5 Qe7 25. Qe2 Rbb4 26. d6 Qe6 27. Bxf6 Bxf6 28. Qd2 Ne4 29. Qh6 Rxc3 30. bxc3 Qxa2 31. Qf4 Ra4 32. d7 Qd5 0-1

[Event "Kuala Lumpur op 7th"]
[Site "Kuala Lumpur"]
[Date "2010.09.05"]
[Round "7"]
[White "Liew, Chee Meng Jimmy"]
[Black "Duong, The Anh"]
[Result "1-0"]
[WhiteElo "2299"]
[BlackElo "2420"]
[PlyCount "79"]
[EventDate "2010.09.01"]
[EventType "swiss"]
[EventRounds "9"]
[EventCountry "MAS"]
[SourceTitle "CBM 138 Extra"]
[Source "ChessBase"]
[SourceDate "2010.10.29"]
[SourceVersion "1"]
[SourceVersionDate "2010.10.29"]
[SourceQuality "1"]

1. d4 e6 2. Nf3 d5 3. c4 c6 4. e3 Bd6 5. Nc3 f5 6. Bd3 Nf6 7. Qc2 Ne4 8. 0-0 0-0 9. Ne5 Nd7 10. f4 Ndf6 11. Bd2 Qe8 12. c5 Bc7 13. b4 a6 14. a4 Bd7 15. b5 Nxc3 16. Bxc3 Bxe5 17. fxe5 Ng4 18. Qe2 cxb5 19. h3 Nh6 20. axb5 Bxb5 21. Bxb5 Qxb5 22. Qxb5 axb5 23. Rab1 Ra3 24. Rfc1 Rfa8 25. Rxb5 R8a7 26. Kf2 Kf7 27. Bd2 f4 28. exf4 Nf5 29. Rcb1 Nxd4 30. Rxb7+ Rxb7 31. Rxb7+ Kg6 32. Rb4 Rd3 33. Rb2 Kf5 34. Be3 Nc6 35. Rb6 Na5 36. c6 Rc3 37. g4+ Ke4 38. Rb4+ Kd3 39. Rd4+ Kc2 40. Bd2 1-0

[Event "Kuala Lumpur op 7th"]
[Site "Kuala Lumpur"]
[Date "2010.09.02"]
[Round "2"]
[White "Huang, Qian"]
[Black "Liew, Chee Meng Jimmy"]
[Result "1/2-1/2"]
[WhiteElo "2436"]
[BlackElo "2299"]
[PlyCount "88"]
[EventDate "2010.09.01"]
[EventType "swiss"]
[EventRounds "9"]
[EventCountry "MAS"]
[SourceTitle "CBM 138 Extra"]
[Source "ChessBase"]
[SourceDate "2010.10.29"]
[SourceVersion "1"]
[SourceVersionDate "2010.10.29"]
[SourceQuality "1"]

1. d4 d5 2. c4 c6 3. Nf3 Nf6 4. Nc3 a6 5. c5 Bg4 6. Bf4 Nh5 7. Be3 Nd7 8. h3 Bxf3 9. exf3 g6 10. f4 e6 11. Be2 Ng7 12. g4 h5 13. Rg1 b6 14. b4 Be7 15. a3 bxc5 16. bxc5 hxg4 17. hxg4 g5 18. Qa4 Qc7 19. fxg5 e5 20. Bf3 Ne6 21. Bxd5 cxd5 22. Nxd5 Qd8 23. dxe5 Kf8 24. Rd1 Ndxc5 25. Qc2 Qa5+ 26. Kf1 Qa4 27. Qxa4 Nxa4 28. Nxe7 Kxe7 29. f4 Rh3 30. Kf2 Rb8 31. f5 Rb2+ 32. Rd2 Rb3 33. Rgd1 Rh2+ 34. Kf1 Rh1+ 35. Kf2 Rxd1 36. Rxd1 Nc3 37. Rc1 Ne4+ 38. Ke2 N6xg5 39. Rc7+ Kd8 40. Ra7 Rxa3 41. e6 fxe6 42. f6 Ke8 43. Rg7 Nh3 44. g5 Kf8 1/2-1/2

[Event "Olympiad-38"]
[Site "Dresden"]
[Date "2008.11.21"]
[Round "8"]
[White "Liew, Chee Meng Jimmy"]
[Black "Yarmonov, Igor"]
[Result "1-0"]
[WhiteElo "2306"]
[BlackElo "2322"]
[PlyCount "83"]
[EventDate "2008.11.13"]
[EventType "team-swiss"]
[EventRounds "11"]
[EventCountry "GER"]
[SourceTitle "CBM 128"]
[Source "ChessBase"]
[SourceDate "2009.01.28"]
[SourceVersion "1"]
[SourceVersionDate "2009.01.28"]
[SourceQuality "1"]
[WhiteTeam "Malaysia"]
[BlackTeam "IPCA"]
[WhiteTeamCountry "MAS"]

1. e4 e5 2. f4 exf4 3. Nf3 Nf6 4. Nc3 d5 5. e5 Nh5 6. d4 h6 7. Be2 Be6 8. 0-0 g5 9. Nxg5 hxg5 10. Bxh5 Nc6 11. g3 fxg3 12. hxg3 Be7 13. Be3 Qd7 14. Qf3 Rh7 15. g4 0-0-0 16. Rf2 Rdh8 17. Ne2 Rh6 18. Ng3 f6 19. Nf5 Bxf5 20. Qxf5 fxe5 21. dxe5 Re6 22. Bxg5 Bc5 23. Bf6 Rf8 24. Raf1 Nxe5 25. g5 Qd6 26. Kg2 Bxf2 27. Rxf2 Nd7 28. Bg4 Re4 29. Bh3 Re3 30. Kf1 c6 31. Bg4 Kc7 32. Qh7 Rg3 33. Bxd7 Kb6 34. Qe7 Qxe7 35. Bxe7 Rh8 36. Bf6 Rh1+ 37. Ke2 c5 38. Bd8+ Ka6 39. Bf5 b6 40. Be7 Rh8 41. Bf6 d4 42. Bxh8 1-0